000
00269nam a22001217a 4500
020
_a
9698893008
082
_a
796.358
100
_a
Khaid Mahmood
245
_a
Spotlight on worldcup 2003.
260
_a
Karachi
_b
Jumbo publishing
_c
2008
300
_a
186
942
_c
BK
999
_c
2499
_d
2499